000 01280cam a22003254a 4500
001 12326935
003 OSt
005 20170105113047.0
008 010226s2001 flua bf 001 0 eng
010 _a 2001088071
020 _a0912035153 (Laser Inst.)
020 _a0941463028 (Magnolia Pub.)
040 _aDLC
_cDLC
_dDLC
042 _apcc
050 0 0 _aTA1675
_b.L53 2001
082 0 0 _a621.36/6
_222
245 0 0 _aLIA handbook of laser materials processing /
_ceditor in chief, John F. Ready ; associate editor, Dave F. Farson.
246 3 _aLaser Institute of America handbook of laser materials processing
246 3 0 _aHandbook of laser materials processing
260 _a[Orlando, FL] :
_bLaser Institute of America ;
_a[United States?] :
_bMagnolia Pub.,
_cc2001.
300 _axxv, 715 p. :
_bill. ;
_c29 cm.
504 _aIncludes bibliographical references and index.
650 0 _aLasers
_xIndustrial applications
_vHandbooks, manuals, etc.
700 1 _aReady, John F.,
_d1932-
700 1 _aFarson, Dave F.
710 2 _aLaser Institute of America.
906 _a7
_bcbc
_corignew
_d2
_eepcn
_f20
_gy-gencatlg
942 _2ddc
_cBK
999 _c32487
_d32487